|
|
|
|
| LEADER |
00000cam a2200000 7i4500 |
| 001 |
0000000344 |
| 005 |
20020307.0 |
| 090 |
0 |
0 |
|a 581.0724
|b SEM 1989
|
| 110 |
1 |
0 |
|a SEMINAR on Tissue Culture of Forest Species
|k 1987
|j Kuala Lumpur
|
| 245 |
1 |
0 |
|a Proceedings of the Seminar on Tissue Culture of Forest Species Kuala Lumpur, 15-18 June 1987
|c edited by A.N. Rao and Aziah Mohd. Yusoff
|
| 260 |
0 |
0 |
|a Kuala Lumpur :
|b Institut Penyelidikan Perhutanan Malaysia ,
|c 1989
|
| 300 |
|
|
|a iii, 215 p. :
|b ill., photo. ;
|c 25 cm.
|
| 500 |
0 |
0 |
|a Includes bibliographical references
|
| 650 |
0 |
0 |
|a Plant propagation
|x In vitro
|x Congresses
|
| 650 |
0 |
0 |
|a Plant tissue culture
|x Congresses
|
| 650 |
0 |
0 |
|a Tissue culture
|x Congresses
|
| 700 |
0 |
1 |
|a Aziah Mohd. Yusoff
|
| 700 |
0 |
1 |
|a Rao
|h A. N.
|
| 710 |
1 |
1 |
|a Institut Penyelidikan Perhutanan Malaysia (FRIM)
|
| 998 |
|
|
|a JPSM
|
| 999 |
|
|
|a 0000001521
|b Monograph
|c Open Shelf
|e Default branch
|
| 999 |
|
|
|a 0000001522
|b Monograph
|c Open Shelf
|e Default branch
|
| 999 |
|
|
|a 0000003995
|b Monograph
|c Open Shelf
|e Default branch
|